|
|
|
|
| LEADER |
01997nam a2200349 a 4500 |
| 001 |
5537 |
| 003 |
BD-DhAAL |
| 005 |
20250119115058.0 |
| 008 |
220627t1994 bg b b 001 0 eng d |
| 020 |
|
|
|a 9840512668
|
| 040 |
|
|
|a DB-DhAAL
|c DB-DhAAL
|
| 082 |
0 |
0 |
|a 320.954
|2 20
|
| 100 |
1 |
|
|a Hashmi, Taj ul-Islam,
|d 1948-
|9 49758
|
| 240 |
1 |
0 |
|a Pakistan as a peasant utopia.
|
| 245 |
1 |
0 |
|a Peasant utopia :
|b the communalization of class politics in East Bengal,
|n 1920-1947 /
|c Taj ul-Islam Hashmi.
|
| 250 |
|
|
|a First edition.
|
| 260 |
|
|
|a Dhaka, Bangladesh :
|b University Press Ltd.,
|c 1994.
|
| 300 |
|
|
|a xiii, 307 pages :
|b maps ;
|c 22 cm.
|
| 504 |
|
|
|a Includes bibliographical references (pages [277]-300) and index.
|
| 526 |
|
|
|x Syed M. Hashemi Director,
BDI.
Course name and no. N/A
|
| 541 |
1 |
|
|a Donated By Akbar Ali Khan
The university press
|e 5537, 38728, 18215
|
| 650 |
|
0 |
|a Pakistan movement.
|9 49759
|
| 650 |
|
0 |
|a Peasantry
|z Bangladesh
|x Political activity
|x History.
|9 49760
|
| 650 |
|
0 |
|a Communalism
|z Bangladesh
|x History.
|9 49761
|
| 651 |
|
0 |
|a Bangladesh
|x Politics and government.
|9 49762
|
| 852 |
4 |
|
|a Ayesha Abed Library
|c General Stacks
|
| 942 |
|
|
|2 ddc
|c BK
|
| 999 |
|
|
|c 7198
|d 7198
|
| 952 |
|
|
|0 0
|1 0
|2 ddc
|4 0
|6 320_954000000000000_HAS_1994
|7 0
|9 7490
|a BRACUL
|b BRACUL
|c GEN
|d 2010-01-26
|g 200.00
|l 2
|m 19
|o 320.954 HAS
|p 3010005537
|r 2020-09-23
|s 2020-01-15
|t 1
|w 2010-01-26
|y BK
|
| 952 |
|
|
|0 0
|1 0
|2 ddc
|4 0
|6 320_954000000000000_HAS
|7 0
|9 42903
|a SCL
|b SCL
|c GEN
|d 1998-11-12
|g 250.00
|l 1
|o 320.954 HAS
|p 3020000529
|r 2020-02-17
|s 2019-10-20
|t 2
|w 2014-07-06
|y BK
|
| 952 |
|
|
|0 0
|1 0
|2 ddc
|4 0
|6 320_954000000000000_HAS
|7 0
|9 71121
|a BRACUL
|b BRACUL
|c AAKC
|d 2022-06-27
|e Donated by Akbar Ali Khan
|l 0
|o 320.954 HAS
|p 3010038728
|r 2022-06-27
|t 3
|w 2022-06-27
|y BK
|
| 952 |
|
|
|0 0
|1 0
|2 ddc
|4 0
|6 320_954000000000000_HAS
|7 0
|9 73782
|a BIGD
|b BIGD
|c GEN
|d 2023-06-12
|e University press
|g 250.00
|l 0
|o 320.954 HAS
|p 3050018215
|r 2023-06-12
|t 4
|w 2023-06-12
|y BK
|x Transfer from BDI to BIGD. Requisitioned by Syed M. Hashemi Director, BDI. Course name and no. N/A
|